| 000 | 01152cam a2200289 4500 | ||
|---|---|---|---|
| 001 | L127569 | ||
| 002 | 8012 | ||
| 008 | 040929n2004 000 0 eng u | ||
| 020 | _a0954736915 | ||
| 035 | _a(Sirsi) u127569 | ||
| 041 | _aeng | ||
| 050 |
_a692.5 _c18 |
||
| 245 | _a2005 Wessex alterations and refurbishment price book | ||
| 250 | _a10th ed. | ||
| 260 |
_aPoole _bWessex _c2004 |
||
| 300 |
_aVarious pagings _c30cm. |
||
| 350 | _a49.95 | ||
| 520 | _aThe latest edition of this price book provides comprehensive cost information for all aspects of alterations and refurbishment work, from taking out a door and blocking the opening, to projects up to £100 000 in value. Contains unit rates, labour hours, material prices and waste factors, plant time, hire rates, detailed approximate estimating, preliminaries and dayworks, and a comprehensive memoranda list. | ||
| 650 |
_aRefurbishment _96264 |
||
| 650 | _aALTERATIONS | ||
| 650 | _aBUILT ENVIRONMENT-BUILDING COSTS | ||
| 650 | _aBUILDING PRICE BOOKS | ||
| 650 | _aESTIMATING | ||
| 690 | _aBUILT ENVIRONMENT-BUILDING COSTS | ||
| 700 |
_aBarnett, N.P. _xEditor |
||
| 942 | _n0 | ||
| 999 |
_c103801 _d103801 |
||